Xử lý tín hiệu và lọc số T.2 /

Đã lưu trong:
Chi tiết về thư mục
Tác giả chính: Nguyễn Quốc Trung
Định dạng: Sách
Ngôn ngữ:Vietnamese
Được phát hành: Khoa học và kỹ thuật 2001
Các nhãn: Thêm thẻ
Không có thẻ, Là người đầu tiên thẻ bản ghi này!
Thư viện lưu trữ: Mạng thư viện Đại học Đà Nẵng
LEADER 00648nam a2200265 4500
001 000028537
003 XT8
005 20150406120000.0
008 150406s vm 000 vie
020 |c 0,0000 
040 |a notts 
100 |a Nguyễn Quốc Trung 
245 |a Xử lý tín hiệu và lọc số T.2 /  |c Nguyễn QuốcTrung. 
260 |b Khoa học và kỹ thuật  |c 2001 
OWN |a LTT 
999 |a From the UDN01 
TYP |a Monograph 
TYP |a Printed language 
980 |a Mạng thư viện Đại học Đà Nẵng